000
00357nam a2200145 a 4500
005
20140414093834.0
008
030611s19uu xx 00 eng d
050
_a
VCD 971.93
_b
Fin 2000
100
_a
Conney, Sean
245
_a
Finding forester /
_c
Sean Connery.
440
_a
DICS 1 & 2
650
_a
Motion picture.
942
_c
AVM
999
_c
108908
_d
108908